Paroles - Bon anniversaire les p’tits indiens ! - Statistiques

Statistiques générales
  • Ce quiz a été pris 37 fois
  • Le résultat moyen est 109 sur 214
Statistiques - réponses
Paroles % Correct
Bon
100%
À
97%
anniversaire
94%
l'
94%
le
94%
d'
91%
in
91%
Indiens
91%
p'tits
91%
c'
88%
les
88%
Les
88%
s'
84%
chanter
75%
cow-boys
72%
dans
72%
danser
69%
Venez
66%
et
63%
Et
63%
copains
56%
tous
56%
Avec
50%
est
50%
on
47%
On
47%
vos
47%
tout
41%
amuse
38%
bien
38%
de
34%
la
34%
ma
31%
ce
28%
bougies
25%
cadeaux
25%
des
25%
gâteau
25%
grand
25%
Ici,
25%
Ici
25%
se
25%
sur
25%
Sur
25%
Buffalo
22%
En
22%
fête
22%
heure
22%
permis,
22%
permis
22%
un
22%
une
19%
desserts
16%
filles
16%
garçons
16%
chocolat-vanille
13%
Devant
13%
faire
13%
jour
13%
ont
13%
pour
13%
Qu'
13%
Allumons
9%
ans
9%
brillent
9%
gourmandises
9%
jolie
9%
made
9%
magie,
9%
Ou
9%
Plein
9%
qui
9%
squaw
9%
Yahou
9%
yeux
9%
air
6%
banjo
6%
Birthday
6%
cookies
6%
du
6%
encore
6%
enfants
6%
fois
6%
Happy
6%
Laissons
6%
ranch
6%
refrain
6%
Au
3%
bonheur
3%
"bouloulou"
3%
Chantons
3%
Comme
3%
comme
3%
faites
3%
habite
3%
harmonica
3%
mains
3%
pieds
3%
prochain
3%
réunit
3%
Souhaitons
3%
Sous
3%
Tapez
3%
tipi
3%
totem
3%
Voilà
3%
vrais
3%
Aucun quiz correspondant
Distribution des résultats
% des personnes avec chaque résultat
Percentile par nombre de réponses
Votre historique - résultats
Vous n’avez pas pris ce quiz